Die In A Fire lyrics - Statistics

General Stats
  • This quiz has been taken 29 times
  • The average score is 92 of 170
Answer Stats
Answer % Correct
I
100%
a
93%
die
93%
fire.
93%
getting
93%
hate
93%
I
93%
in
93%
in
93%
my
93%
really
93%
stop
93%
way.
93%
you,
93%
hope
86%
Hope
86%
you
86%
and
79%
are
79%
broken
79%
decay.
79%
gonna
79%
heart,
79%
hope
79%
I
79%
in
79%
like
79%
patience,
79%
stabbed
79%
the
79%
TV.
79%
when
79%
you
79%
you
79%
you'll
79%
be
71%
be
71%
expire.
71%
get
71%
I've
71%
just
71%
lost
71%
my
71%
my
71%
out
71%
painful
71%
see.
71%
shot
71%
throw
71%
to
71%
want
71%
you
71%
you'll
71%
back
64%
come
64%
Hope
64%
If
64%
It
64%
more,
64%
once
64%
shall
64%
you'll
64%
you'll
57%
a
50%
and
50%
apart,
50%
be
50%
desire.
50%
die
50%
fire.
50%
hope
50%
I
50%
in
50%
is
50%
taken
50%
this
50%
what
50%
you
50%
a
43%
and
43%
apart,
43%
be
43%
be
43%
desire.
43%
die.
43%
die
43%
expire.
43%
fire.
43%
get
43%
heart,
43%
hope
43%
Hope
43%
hope
43%
Hope
43%
hope
43%
I
43%
i
43%
I
43%
I
43%
in
43%
in
43%
is
43%
shot
43%
stabbed
43%
taken
43%
the
43%
this
43%
what
43%
you
43%
you
43%
you
43%
you'll
43%
you'll
43%
almost
36%
alone.
36%
apart,
36%
be
36%
be
36%
bones.
36%
broke
36%
can't
36%
chance,
36%
click,
36%
expire.
36%
first
36%
fly.
36%
get
36%
get
36%
heart,
36%
hope
36%
Hope
36%
hope
36%
Hope
36%
in
36%
it
36%
It's
36%
it's
36%
just
36%
leave
36%
let
36%
like
36%
mechanical
36%
my
36%
not
36%
Once
36%
over,
36%
parts
36%
second
36%
shot
36%
sounds
36%
stabbed
36%
taken
36%
the
36%
the
36%
time
36%
when
36%
why
36%
won't
36%
you
36%
you
36%
you
36%
you
36%
you'll
36%
you'll
36%
you'll
36%
Your
36%
your
36%
afraid,
29%
be
29%
Don't
29%
No matching quizzes found
Score Distribution
Percent of People with Each Score
Percentile by Number Answered
Your Score History
You have not taken this quiz